书目信息 |
| 题名: |
笔耕方寸
|
|
| 作者: | 顾掌生 著 | |
| 分册: | ||
| 出版信息: | 合肥 合肥工业大学出版社 2016 |
|
| 页数: | 255页 | |
| 开本: | 24cm | |
| 丛书名: | ||
| 单 册: | ||
| 中图分类: | G262.2-53 | |
| 科图分类: | ||
| 主题词: | 集邮--文集 | |
| 电子资源: | ||
| ISBN: | 978-7-5650-3209-7 | |
| 000 | 00845nam0 2200217 450 | |
| 001 | 5744 | |
| 005 | 20180529221106.95 | |
| 010 | @a978-7-5650-3209-7@dCNY40.00 | |
| 100 | @a20170328d2016 em y0chiy50 ea | |
| 101 | 0 | @achi |
| 102 | @aCN@b340000 | |
| 105 | @aa z 000yy | |
| 200 | 1 | @a笔耕方寸@9bi geng fang cun@f顾掌生著 |
| 210 | @a合肥@c合肥工业大学出版社@d2016 | |
| 215 | @a255页@c图@d24cm | |
| 330 | @a本书汇集了作者发表在《集邮》《中国集邮报》《上海集邮》《安徽集邮》《天津集邮》《集邮报》《浙江集邮报》等国内二十余种集邮报刊上的相关文章,在体例上分为邮票研讨、邮展规则、封片简戳和邮坛经纬四部分,文章内容涉及邮票背景知识、邮票设计简评、邮展举办规则、邮票市场的规范与培育等。 | |
| 606 | 0 | @a集邮@j文集 |
| 690 | @aG262.2-53@v5 | |
| 701 | 0 | @a顾掌生@9gu zhang sheng@4著 |
| 801 | 0 | @aCN@b91MARC@c20170328 |
| 905 | @aMuseLib@dG262.2-53@e18 | |
| 笔耕方寸/顾掌生著.-合肥:合肥工业大学出版社,2016 |
| 255页:图;24cm |
| ISBN 978-7-5650-3209-7:CNY40.00 |
| 本书汇集了作者发表在《集邮》《中国集邮报》《上海集邮》《安徽集邮》《天津集邮》《集邮报》《浙江集邮报》等国内二十余种集邮报刊上的相关文章,在体例上分为邮票研讨、邮展规则、封片简戳和邮坛经纬四部分,文章内容涉及邮票背景知识、邮票设计简评、邮展举办规则、邮票市场的规范与培育等。 |
| ● |
| 相关链接 |
|
|
|
|
正题名:笔耕方寸
索取号:G262.2-53/18
 
预约/预借
| 序号 | 登录号 | 条形码 | 馆藏地/架位号 | 状态 | 备注 |
| 1 | 1114702 | 211147025 | 第一样本阅览室/ [索取号:G262.2-53/18] | 在馆 | |
| 2 | 1114703 | 211147034 | 教育系资料室/ [索取号:G262.2-53/18] | 在馆 | |
| 3 | 1114704 | 211147043 | 教育系资料室/ [索取号:G262.2-53/18] | 在馆 | |
| 4 | 1114705 | 211147052 | 教育系资料室/ [索取号:G262.2-53/18] | 在馆 | |
| 5 | 1114706 | 211147061 | 第四借阅区/ [索取号:G262.2-53/18] | 在馆 | |
| 6 | 1114707 | 211147070 | 第四借阅区/ [索取号:G262.2-53/18] | 在馆 |